LEADER 01053nam a2200253 4500 001 000000367673 003 CaOOAMICUS 005 20260508154719.0 008 260508s2020 it a 000 u ita r 040 $aSeMil$bita 245 13$aIl fascino della nostra storia. 264 1$a[Milano] :$bEditoriale Giorgio Mondadori,$c2020. 300 $a191 p. :$bill. ;$c28 cm 490 1 $aBell'Europa ;$v15/2020 500 $aNumero speciale della rivista "Bell'Europa", n. 15, Novembre 2020. 650 4$aEuropa - Storia.$0(OLS)http://semarc/subject/578 650 4$aEuropa - Geografia.$0(OLS)http://semarc/subject/6436 830 0$aBell'Europa ;$v15/2020.$0(OLS)http://semarc/title/459656 850 $aSeMil 852 $aSeMil$W1$xVenegono$y1$m4Y V 220$j271717$B258340$CSeMilBibl$Z2$F258340 $81 961 $aCaspani Maurizio - Lascito 996 $6245$aIl fascino della nostra storia$9(OLS)http://semarc/title/459654 996 $6264$a[Milano] :$bEditoriale Giorgio Mondadori$9(OLS)http://semarc/publisher/32168